| 000 | 01220nam a2200385 i 4500 | ||
|---|---|---|---|
| 001 | 53233 | ||
| 003 | KOSZ 005 | ||
| 005 | 20240405063202.0 | ||
| 008 | 031010s2003 pl a |001 0 pol | ||
| 015 | _aPB 2003/17982 | ||
| 020 | _a8372992630 | ||
| 035 | _a(OCoLC)749209966 | ||
| 040 |
_aWA N _cWA N _dKOSZ 005/HR |
||
| 041 | 0 | _apol | |
| 046 | _k2003 | ||
| 080 | _a631/635 | ||
| 080 | _a629.735(438)"1944/..." | ||
| 100 | 1 |
_aRowiński, Robert Stefan _eAutor |
|
| 245 | 1 | 0 |
_aPolskie agrolotnictwo / _cRobert S. Rowiński. |
| 260 |
_aOlsztyn: _bWydaw. Uniwersytetu Warmińsko-Mazurskiego, _c2003. |
||
| 300 |
_a267, [1] s. : _bil. (w tym kolor.) ; _c24 cm. |
||
| 380 | _aKsiążki | ||
| 388 | _a2001- | ||
| 504 | _aBibliogr. Indeks. | ||
| 648 | 4 | _a1901-2000 | |
| 648 | 4 | _a1945-1989 | |
| 648 | 4 | _a1989-2000 | |
| 650 | 4 | _aAgrolotnictwo | |
| 651 | 4 | _aPolska | |
| 658 | _aRolnictwo i leśnictwo | ||
| 658 | _aInżynieria i technika | ||
| 710 | 2 |
_aWydawnictwo Uniwersytetu Warmińsko-Mazurskiego (Olsztyn) _4pbl. |
|
| 856 |
_uhttp://koha.tu.koszalin.pl/cgi-bin/koha/opac-detail.pl?biblionumber=53233 _yKatalog online BPK |
||
| 942 |
_2UKD _cKS |
||
| 999 |
_c53233 _d53233 |
||